000 00679nam a2200253Ia 4500
003 OSt
005 20220918183329.0
006 a|||||r|||| 00| 0
007 ta
008 220917b |||||||| |||| 00| 0 eng d
024 _a37,427
037 _cTextual
040 _aARTS
_cARTS
_beng
041 _2eng
_aeng
082 _aO113,2aN5, L0
100 _aHill C
_962552
245 0 _aDrama of German expression
_b A German English bibliography
260 _aN York
_bAMS
_c1970
300 _ax, 211p.
_ccm.
650 _aENGLISH LITERATURE
700 _a Ley R
_962553
942 _hO113,2aN5, L0
_cTEXL
_2CC
999 _c172288
_d172288